Report of the marketing chilies in Mysore state/ (Record no. 7407)

MARC details
000 -LEADER
fixed length control field 00495nam a22001817a 4500
001 - CONTROL NUMBER
control field BD-DhSAU 1962
003 - CONTROL NUMBER IDENTIFIER
control field BD-DhSAU
005 - DATE AND TIME OF LATEST TRANSACTION
control field 20150522154230.0
008 - FIXED-LENGTH DATA ELEMENTS--GENERAL INFORMATION
fixed length control field 150122b1965 - a|||| |||| 000 0 eng d
040 ## - CATALOGING SOURCE
Original cataloging agency BD-DhSAU
082 ## - DEWEY DECIMAL CLASSIFICATION NUMBER
Edition number 22
Classification number 338.1641
Item number REP
245 ## - TITLE STATEMENT
Title Report of the marketing chilies in Mysore state/
Statement of responsibility, etc. W
260 ## - PUBLICATION, DISTRIBUTION, ETC. (IMPRINT)
Place of publication, distribution, etc. Mysore :
Name of publisher, distributor, etc. The Chief Marketing Officer. ;
Date of publication, distribution, etc. 1965.
300 ## - PHYSICAL DESCRIPTION
Extent 47 p. :
Other physical details ill. ;
Dimensions 22 cm.
590 ## - Name of Cataloguer
Name of Cataloger erfat
650 ## - SUBJECT ADDED ENTRY--TOPICAL TERM
Topical term or geographic name as entry element Chilies marketing
942 ## - ADDED ENTRY ELEMENTS (KOHA)
Source of classification or shelving scheme Dewey Decimal Classification
Koha item type Book
Holdings
Withdrawn status Lost status Source of classification or shelving scheme Damaged status Not for loan Collection code Home library Branch Name Shelving location Date acquired Total Checkouts Full call number Barcode Date last seen Price effective from Koha item type
    Dewey Decimal Classification   Not For Loan Reference SAU Library SAU Library Reference 22/05/2015   338.1641 REP 3370x 22/05/2015 22/05/2015 Book